Statistics for Songs of Stryper

Click here to take the quiz!

General Stats

  • This quiz has been taken 34 times
    (16 since last reset)
  • The average score is 70 of 141

Answer Stats

HintAnswer% Correct
Yellow and black attack (1984)C'mon rock
100%
In God we trust (1988)In God we trust
100%
Soldiers under command (1985)Soldiers under command
100%
To Hell with the Devil (1986)To Hell with the Devil
100%
To Hell with the Devil (1986)Abyss (To Hell with the Devil)
93%
In God we trust (1988)Always there for you
93%
To Hell with the Devil (1986)Calling on you
93%
Soldiers under command (1985)First love
93%
To Hell with the Devil (1986)Honestly
93%
To Hell with the Devil (1986)The Way
93%
Against the law (1990)Against the law
86%
To Hell with the Devil (1986)Free
86%
In God we trust (1988)Lonely
86%
Yellow and black attack (1984)Loud'n clear
86%
To Hell with the Devil (1986)More than a man
86%
No more Hell to pay (2013)The one
86%
Soldiers under command (1985)The rock that makes me roll
86%
Yellow and black attack (1984)From wrong to right
79%
The Covering (2011)God
79%
Against the law (1990)Lady
79%
Murder by pride (2009)Murder by pride
79%
No more Hell to pay (2013)No more Hell to pay
79%
Soldiers under command (1985)Reach out
79%
Against the law (1990)Rock the Hell out of you
79%
To Hell with the Devil (1986)Sing-Along song
79%
In God we trust (1988)The reign
79%
Against the law (1990)Two time woman
79%
Yellow and black attack (1984)You know what to do
79%
Soldiers under command (1985)*Battle hymn of the Republic
71%
Fallen (2015)Fallen
71%
To Hell with the Devil (1986)Holding on
71%
In God we trust (1988)Keep the fire burning
71%
Yellow and black attack (1984)Loving you
71%
Against the law (1990)Not that kind of guy
71%
Yellow and black attack (1986)Reason for the season
71%
Against the law (1990)*Shining star
71%
In God we trust (1988)The writings on the Wall
71%
Against the law (1990)Two Bodies (One mind, one soul)
71%
Against the law (1990)All for one
64%
To Hell with the Devil (1986)All of me
64%
Can't stop the rock (1991)Believe
64%
Against the law (1990)Caught in the middle
64%
Even the Devil believes (2020)Even the Devil believes
64%
Murder by pride (2009)I believe
64%
Reborn (2005)I.G.W.T.
64%
Soldiers under command (1985)Makes me wanna sing
64%
Reborn (2005)Reborn
64%
To Hell with the Devil (1986)Rockin' the World
64%
Against the law (1990)Rock the people
64%
Soldiers under command (1985)Surrender
64%
Soldiers under command (1985)Together forever
64%
Fallen (2015)Yahweh
64%
Murder by pride (2009)4 leaf clover
57%
Fallen (2015)Big screen lies
57%
In God we trust (1988)Come to the everlife
57%
Even the Devil believes (2020)Divider
57%
God damn evil (2018)God damn evil
57%
Fallen (2015)Heaven
57%
In God we trust (1988)I believe in you
57%
Murder by pride (2009)My love (I'll always show)
57%
Yellow and black attack (1986)My love I'll always show
57%
Murder by pride (2009)*Peace of mind
57%
God damn evil (2018)Sorry
57%
In God we trust (1988)The World of you an I
57%
Soldiers under command (1985)Together as one
57%
Can't stop the rock (1991)Can't stop the rock
50%
In God we trust (1988)It's up to you
50%
Even the Devil believes (2020)Make love great again
50%
God damn evil (2018)Take it to the cross
50%
The Covering (2011)*The Trooper
50%
Soldiers under command (1985)(Waiting for) A love that's real
50%
Yellow and black attack (1984)You wont be lonely
50%
Reborn (2005)*10 000 years
43%
Even the Devil believes (2020)Blood from above
43%
The Covering (2011)*Breaking the law
43%
The Covering (2011)*Carry on wayward son
43%
Even the Devil believes (2020)Do unto others
43%
Even the Devil believes (2020)For God & Rock N Roll
43%
7: The best of (2003)For you
43%
The Covering (2011)*Heaven and Hell
43%
The Covering (2011)*Highway star
43%
The Covering (2011)*Immigrant song
43%
Even the Devil believes (2020)Let Him in
43%
Fallen (2015)Let there be light
43%
Even the Devil believes (2020)Middle finger Messiah
43%
Against the law (1990)Ordinary man
43%
No more Hell to pay (2013)Revelation
43%
No more Hell to pay (2013)Sympathy
43%
7 Weeks: Live in America (2004)*Winter wonderland
43%
Second coming (2013)Blackened
36%
Songs of Michael W Smith (2005)*Friends
36%
No more Hell to pay (2013)*Jesus is Just alright
36%
God damn evil (2018)Lost
36%
No more Hell to pay (2013)Marching into battle
36%
Reborn (2005)Open your eyes
36%
The Covering (2011)*Over the mountain
36%
Fallen (2015)Pride
36%
The Covering (2011)*Shout it out loud
36%
7: The best of (2003)Something
36%
No more Hell to pay (2013)Sticks & Stones
36%
No more Hell to pay (2013)Te Amo
36%
Fallen (2015)The calling
36%
God damn evil (2018)The valley
36%
Even the Devil believes (2020)This I pray
36%
No more Hell to pay (2013)Water into wine
36%
Murder by pride (2009)Alive
29%
The Covering (2011)*Blackout
29%
Murder by pride (2009)Eclipse of the Son
29%
Fallen (2015)King of kings
29%
Reborn (2005)Live again
29%
No more Hell to pay (2013)Renewed
29%
No more Hell to pay (2013)Saved by love
29%
Reborn (2005)When did I see you cry
29%
Even the Devil believes (2020)How to fly
21%
Reborn (2005)If I die
21%
Even the Devil believes (2020)Invitation only
21%
No more Hell to pay (2013)Legacy
21%
Murder by pride (2009)Mercy over blame
21%
Reborn (2005)Passion
21%
Reborn (2005)Rain
21%
God damn evil (2018)The Devil doesn't live here
21%
Fallen (2015)*After forever
14%
Fallen (2015)All over again
14%
Second coming (2013)Bleeding from inside out
14%
Murder by pride (2009)Everything
14%
Reborn (2005)Make you mine
14%
Murder by pride (2009) bonus track*My love, my life, my flame
14%
The Covering (2011)*On Fire
14%
The Covering (2011)*Set me free
14%
Fallen (2015)Till I get what I need
14%
Reborn (2005)Wait for You
14%
God damn evil (2018)Beautiful
7%
The Covering (2011)*Lights out
7%
Fallen (2015)Love you like I do
7%
God damn evil (2018)Own up
7%
Murder by pride (2009)Run in you
7%
God damn evil (2018)Sea of thieves
7%
God damn evil (2018)You don't even know me
7%
God damn evil (2018)Can't live without your love
0%
Murder by pride (2009)Love is why
0%
Murder by pride (2009)The plan
0%

Score Distribution

Percentile by Number Answered

Percent of People with Each Score

Your Score History

You have not taken this quiz since the last reset